[Event "4NCL Division Four"]
[Site "Daventry, ENG"]
[Date "2023.02.04"]
[Round "5.134"]
[White "Deacon, Nicholas"]
[Black "Tomy, Judith"]
[Result "1-0"]
[WhiteElo "1402"]
[BlackElo "1232"]
[PlyCount "62"]
[EventDate "2023.02.04"]
[WhiteTeam "Wessex Some Stars B"]
[BlackTeam "Watford B"]

1. d4 d5 2. c4 e6 3. Nc3 Nf6 4. Bg5 c5 5. e3 Be7 6. Nf3 O-O 7. Rc1 b6 8. Bd3 h6
9. Bh4 Nc6 10. O-O Bb7 11. Ne2 Rc8 12. Bb1 Re8 13. Qc2 g6 14. Bxf6 Bxf6 15. Nf4
Ne7 16. Nh5 gxh5 17. Qh7+ Kf8 18. Qxh6+ Bg7 19. Qxh5 f6 20. Nh4 Rc7 21. Bg6
Nxg6 22. Nxg6+ Kg8 23. f4 cxd4 24. cxd5 Rxc1 25. Rxc1 Qxd5 26. Qxd5 Bxd5 27.
exd4 Rd8 28. Ne7+ Kf8 29. Nc8 f5 30. Nxa7 Bb7 31. a4 Bf6 1-0

[Event "4NCL Division Four"]
[Site "Daventry, ENG"]
[Date "2023.02.04"]
[Round "5.141"]
[White "David, Barry A H"]
[Black "Varuruchi, Shresht"]
[Result "0-1"]
[WhiteElo "1703"]
[BlackElo "1179"]
[PlyCount "20"]
[EventDate "2023.02.04"]
[WhiteTeam "Deaf England"]
[BlackTeam "Cambridge University Y2"]

1. e4 e5 2. Nf3 Nc6 3. Bc4 Nf6 4. Ng5 Nxe4 5. Bxf7+ Ke7 6. Nxe4 Kxf7 7. d3 Be7
8. O-O Rf8 9. c3 d5 10. Ng3 Kg8 0-1

[Event "4NCL Division Four"]
[Site "Daventry, ENG"]
[Date "2023.02.04"]
[Round "5.143"]
[White "Gibson, Stephen"]
[Black "Santosh Kumar, Darsh"]
[Result "1/2-1/2"]
[WhiteElo "1441"]
[BlackElo "1090"]
[PlyCount "28"]
[EventDate "2023.02.04"]
[WhiteTeam "Deaf England"]
[BlackTeam "Cambridge University Y2"]

1. e4 d6 2. f4 Nf6 3. Nc3 Nbd7 4. d4 c5 5. d5 e5 6. Nf3 a6 7. a4 Be7 8. Bd3 O-O
9. O-O h5 10. Qe1 Qc7 11. f5 c4 12. Be2 Nc5 13. Bd1 b6 14. Nh4 Qa7 1/2-1/2

[Event "4NCL Division Four"]
[Site "Daventry, ENG"]
[Date "2023.02.04"]
[Round "5.144"]
[White "Punde, Aiyush"]
[Black "Paull, James"]
[Result "0-1"]
[WhiteElo "550"]
[BlackElo "1405"]
[PlyCount "54"]
[EventDate "2023.02.04"]
[WhiteTeam "Cambridge University Y2"]
[BlackTeam "Deaf England"]

1. e4 c5 2. Nf3 Nc6 3. Nc3 e5 4. Bc4 d6 5. d3 h6 6. Be3 a6 7. O-O Be7 8. Re1
Bg5 9. Qd2 Bxe3 10. Rxe3 Nf6 11. Rae1 b5 12. Bd5 Bd7 13. Bxc6 Bxc6 14. Ne2 Ng4
15. Ng3 Nxe3 16. Qxe3 Bd7 17. Nd2 Qg5 18. Qxg5 hxg5 19. h3 g6 20. Nf3 f6 21.
Re3 a5 22. Kh2 Kf7 23. c3 g4 24. Ng1 gxh3 25. Nxh3 Rh7 26. Kg1 Bxh3 27. gxh3
Rxh3 0-1

[Event "4NCL Division Four"]
[Site "Daventry, ENG"]
[Date "2023.02.04"]
[Round "5.145"]
[White "Simmons, Michael W"]
[Black "Cann, Harriet"]
[Result "1-0"]
[WhiteElo "1152"]
[BlackElo "555"]
[PlyCount "55"]
[EventDate "2023.02.04"]
[WhiteTeam "Deaf England"]
[BlackTeam "Cambridge University Y2"]

1. d4 d5 2. c4 dxc4 3. e3 Nc6 4. Bxc4 Nf6 5. Nf3 Bg4 6. Nbd2 e6 7. a3 Bd6 8.
O-O O-O 9. Be2 e5 10. dxe5 Bxe5 11. Qc2 Bxf3 12. Nxf3 Ng4 13. Rd1 Bxh2+ 14.
Nxh2 Nxh2 15. Rxd8 Rfxd8 16. Kxh2 b5 17. Qxc6 g5 18. Qxb5 Re8 19. Qxg5+ Kf8 20.
Bb5 Rad8 21. Bxe8 Kxe8 22. Qe5+ Kd7 23. b4 f5 24. Bb2 Kc8 25. Qxf5+ Kb8 26. Qc5
Kc8 27. Rc1 a6 28. Qxc7# 1-0

[Event "4NCL Division Four"]
[Site "Daventry, ENG"]
[Date "2023.02.04"]
[Round "5.146"]
[White "Wang, Luoling"]
[Black "Masterson, Desmond"]
[Result "0-1"]
[WhiteElo "500"]
[BlackElo "993"]
[PlyCount "56"]
[EventDate "2023.02.04"]
[WhiteTeam "Cambridge University Y2"]
[BlackTeam "Deaf England"]

1. e4 e6 2. Nc3 d5 3. f3 c5 4. Bb5+ Bd7 5. Bxd7+ Qxd7 6. Nh3 Be7 7. O-O Qd6 8.
f4 Nf6 9. e5 Qb6 10. exf6 Bxf6 11. Na4 Qa5 12. b3 Bxa1 13. c3 b5 14. Nxc5 Qxa2
15. Qe2 Nc6 16. b4 Bxc3 17. dxc3 Qxe2 18. Rf2 Qe1+ 19. Rf1 Qxc3 20. Rd1 Qxb4
21. Be3 Na5 22. Nd3 Qe4 23. Nc5 Qxe3+ 24. Kf1 Qxc5 25. f5 Nc4 26. fxe6 fxe6 27.
Ke2 Rf8 28. Ng5 Qf2+ 0-1

[Event "4NCL Division Four"]
[Site "Daventry, ENG"]
[Date "2023.02.04"]
[Round "5.151"]
[White "Ireland, David J"]
[Black "Coates, Kenneth G"]
[Result "1/2-1/2"]
[WhiteElo "1971"]
[BlackElo "2019"]
[PlyCount "57"]
[EventDate "2023.02.04"]
[WhiteTeam "Coventry"]
[BlackTeam "Crowthorne B"]

1. e4 e5 2. Nf3 Nc6 3. Bc4 Nf6 4. Ng5 d5 5. exd5 b5 6. dxc6 bxc4 7. Qe2 Qd5 8.
O-O Bd6 9. Nc3 Qxc6 10. Nge4 Nxe4 11. Qxe4 Bb7 12. Qxc6+ Bxc6 13. b3 cxb3 14.
cxb3 O-O 15. a4 Rfd8 16. d3 f6 17. f3 Kf7 18. Ra2 Rd7 19. Ba3 Ke6 20. Kf2 h5
21. h4 g6 22. Ne4 Bxe4 23. fxe4 c6 24. Kf3 Rf7 25. Bxd6 Kxd6 26. b4 f5 27. exf5
Rxf5+ 28. Ke2 Rf4 29. Rc1 1/2-1/2

[Event "4NCL Division Four"]
[Site "Daventry, ENG"]
[Date "2023.02.04"]
[Round "5.152"]
[White "Leadbetter, Scott"]
[Black "Ward, Andrew"]
[Result "0-1"]
[WhiteElo "1609"]
[BlackElo "1841"]
[PlyCount "48"]
[EventDate "2023.02.04"]
[WhiteTeam "Crowthorne B"]
[BlackTeam "Coventry"]

1. e4 e6 2. b3 Nf6 3. e5 Nd5 4. c4 Ne7 5. Nc3 Ng6 6. d4 d6 7. f4 dxe5 8. fxe5
Bb4 9. Nge2 Qh4+ 10. g3 Qe4 11. Qd2 Qxh1 12. a3 Bxc3 13. Qxc3 Qxh2 14. Qb4 Nc6
15. Qc5 Bd7 16. b4 b6 17. Qb5 Nxd4 18. Qa6 Nc2+ 19. Kd1 Nxa1 20. c5 O-O 21. Bb2
Nb3 22. Kc2 Qh1 23. Nc3 Nd4+ 24. Kb1 Bb5 0-1

[Event "4NCL Division Four"]
[Site "Daventry, ENG"]
[Date "2023.02.04"]
[Round "5.154"]
[White "Shek, Daniel"]
[Black "Breed, Greg J"]
[Result "1-0"]
[WhiteElo "1545"]
[BlackElo "1797"]
[PlyCount "61"]
[EventDate "2023.02.04"]
[WhiteTeam "Crowthorne B"]
[BlackTeam "Cambridge University 3"]

1. c4 e5 2. Nc3 Nf6 3. Nf3 Nc6 4. e4 h6 5. d3 Bb4 6. Bd2 Bxc3 7. Bxc3 d6 8. Qc2
O-O 9. Be2 Re8 10. O-O a5 11. Rfe1 b6 12. h3 Nh7 13. d4 Ng5 14. d5 Nxf3+ 15.
Bxf3 Ne7 16. Qe2 g5 17. Bg4 Ng6 18. Bd2 Bxg4 19. Qxg4 Kg7 20. g3 Qc8 21. Qh5 f5
22. h4 f4 23. hxg5 hxg5 24. Qxg5 Rf8 25. gxf4 exf4 26. Bc3+ Kf7 27. Qf6+ Ke8
28. Qxg6+ Rf7 29. e5 dxe5 30. Rxe5+ Kf8 31. Qh6+ 1-0

[Event "4NCL Division Four"]
[Site "Daventry, ENG"]
[Date "2023.02.04"]
[Round "5.155"]
[White "Goldsmith, Jennifer"]
[Black "Coates, Christine"]
[Result "1/2-1/2"]
[WhiteElo "1308"]
[BlackElo "1340"]
[PlyCount "88"]
[EventDate "2023.02.04"]
[WhiteTeam "Cambridge University 3"]
[BlackTeam "Crowthorne B"]

1. c4 c6 2. Nc3 d5 3. cxd5 cxd5 4. g3 e6 5. Bg2 Nf6 6. e3 Be7 7. Nge2 O-O 8.
O-O Bd7 9. d4 a6 10. a4 Nc6 11. b3 Qc7 12. Bb2 Rfc8 13. Rc1 Qd8 14. Ra1 Nb4 15.
Nf4 Bc6 16. Rb1 a5 17. Nd3 Rab8 18. Ne5 Bd6 19. Nd3 b5 20. axb5 Bxb5 21. Nxb5
Rxb5 22. Rc1 Rbb8 23. Qe2 Nxd3 24. Qxd3 Bb4 25. Rxc8 Rxc8 26. Rc1 Rxc1+ 27.
Bxc1 Qc8 28. Bb2 Qc6 29. Bf3 Ne4 30. Bd1 g6 31. Be2 Bc3 32. Ba3 Bb4 33. Bb2 a4
34. bxa4 Qxa4 35. Bd1 Qa5 36. Kg2 Bc3 37. Bxc3 Qxc3 38. Qxc3 Nxc3 39. Bc2 Kg7
40. f4 f6 41. Kf3 h6 42. Bd3 f5 43. h4 h5 44. Bf1 Kf6 1/2-1/2

[Event "4NCL Division Four"]
[Site "Daventry, ENG"]
[Date "2023.02.04"]
[Round "5.157"]
[White "Borrowdale, Graham E"]
[Black "Pink, Joshua"]
[Result "0-1"]
[WhiteElo "1964"]
[BlackElo "1887"]
[PlyCount "72"]
[EventDate "2023.02.04"]
[WhiteTeam "Cambridge University 3"]
[BlackTeam "Coventry"]

1. d4 Nf6 2. Nf3 d5 3. c4 e6 4. Nc3 c6 5. Bg5 dxc4 6. e4 b5 7. e5 h6 8. Bh4 g5
9. Nxg5 hxg5 10. Bxg5 Nbd7 11. exf6 Bb7 12. Be2 Qb6 13. h4 O-O-O 14. Bf3 Ne5
15. dxe5 Rxd1+ 16. Rxd1 b4 17. Ne4 Qa5 18. O-O Qxe5 19. g3 c5 20. Rfe1 Qxb2 21.
Nd6+ Bxd6 22. Bxb7+ Kxb7 23. Rxd6 b3 24. axb3 cxb3 25. Rd7+ Kb6 26. Red1 Rh7
27. R1d6+ Kb5 28. Rxa7 Qb1+ 29. Kh2 Qe4 30. Rd8 Qe5 31. Kg2 Kc6 32. Raa8 b2 33.
Bf4 Qe4+ 34. Kh2 Rxh4+ 35. gxh4 Qxf4+ 36. Kg2 b1=Q 0-1

[Event "4NCL Division Four"]
[Site "Daventry, ENG"]
[Date "2023.02.04"]
[Round "5.158"]
[White "Goodwin, Ed H"]
[Black "Phillips, William"]
[Result "0-1"]
[WhiteElo "1822"]
[BlackElo "1789"]
[PlyCount "68"]
[EventDate "2023.02.04"]
[WhiteTeam "Coventry"]
[BlackTeam "Cambridge University 3"]

1. d4 Nf6 2. c4 e6 3. Nf3 b6 4. a3 Bb7 5. Nc3 Be7 6. d5 O-O 7. e4 d6 8. Bd3
exd5 9. exd5 c6 10. Be2 cxd5 11. cxd5 Nbd7 12. O-O Rc8 13. Be3 Ng4 14. Bd4 Nge5
15. Nd2 Nf6 16. f4 Ng6 17. Bc4 Rxc4 18. Nxc4 Nxd5 19. Nxd5 Bxd5 20. Ne3 Be4 21.
f5 Ne5 22. Bxe5 dxe5 23. Qxd8 Rxd8 24. Rfd1 Rd3 25. Rxd3 Bxd3 26. Kf2 Bc5 27.
b4 Bd4 28. Rc1 Bxf5 29. Rc7 h5 30. Rxa7 Be6 31. Kf3 f5 32. g3 g5 33. Nd5 e4+
34. Kg2 e3 0-1

[Event "4NCL Division Four"]
[Site "Daventry, ENG"]
[Date "2023.02.04"]
[Round "5.159"]
[White "Kumar, Santosh"]
[Black "Graff, Ben"]
[Result "0-1"]
[WhiteElo "1400"]
[BlackElo "1791"]
[PlyCount "40"]
[EventDate "2023.02.04"]
[WhiteTeam "Cambridge University 3"]
[BlackTeam "Coventry"]

1. Nf3 f5 2. g3 Nf6 3. d3 d5 4. Nbd2 g6 5. Bg2 Bg7 6. O-O Nc6 7. e4 O-O 8. a3
e5 9. Re1 fxe4 10. dxe4 dxe4 11. Ng5 Bg4 12. f3 exf3 13. Bxf3 Qd4+ 14. Kh1
Bxf3+ 15. Ndxf3 Qxd1 16. Rxd1 Ne4 17. Nd4 Nxd4 18. Rxd4 Nf2+ 19. Kg1 e4 20.
Nxe4 Bxd4 0-1